000 00309pam a2200133 a 4500
020 _c
041 _h
082 _a332.71
100 _aSINGH (Balwinder)
_eauthor
245 _aAgricultural Credit
_hTextual Document
260 _bDeep and Deep Publications New Delhi
_c2005
300 _a276
930 _a460
999 _c819674
_d819674